Etica general

Gardado en:
Detalles Bibliográficos
Autor Principal: Rodríguez Luño, Angel (Author)
Formato: Libro
Idioma:Lingua castelá
Publicado: Pamplona EUNSA 1993
Edición:2a. ed
Subjects:
Tags: Engadir etiqueta
Sen Etiquetas, Sexa o primeiro en etiquetar este rexistro!

MARC

LEADER 00000nam a2200000 a 4500
001 UCQ6817
003 CL-VaPUC
008 981023e19930000SP |||||||||||||||||spa|d
082 0 4 |a 170  |b ROD  |2 21 
100 0 |a Rodríguez Luño, Angel  |e author  |9 420748 
245 1 0 |a Etica general 
250 |a 2a. ed 
300 |a 342 p 
942 |c BK 
945 |d 19981023 00:00:00  |a mvenant 
260 |a Pamplona  |b EUNSA  |c 1993 
650 0 |a Ética  |9 255099 
650 0 |a Virtudes  |9 309526 
650 0 |a Valores  |9 309628 
650 0 |a Positivismo  |9 269460 
650 0 |a Empirismo  |9 255037 
650 7 |a UNIVERSALIDAD  |2 CL-VaPUC  |9 358070 
650 0 |a Verdad  |9 313815 
650 0 |a Experiencia  |9 308852 
650 0 |a Antropología   |9 233030 
650 0 |a Fenomenología  |9 256519 
650 0 |a Voluntad  |9 307812 
650 0 |a Libertad  |9 255686 
650 0 |a Felicidad  |9 257029 
650 7 |a EUDEMONIA  |2 CL-VaPUC  |9 420749 
650 0 |a Conciencia  |9 309452 
650 0 |a Pecado  |9 314980 
583 |a last modification  |c 19981023 00:00:00  |k Rodrigo Vera 
999 |c 276722  |d 276720 
952 |0 0  |1 0  |4 0  |6 170_000000000000000_ROD_1993  |7 0  |8 A  |9 314157  |a BIBTEO  |b BIBTEO  |d 2019-11-20  |i 3455297  |o 170 ROD 1993  |p 3455297  |r 2025-01-17  |w 2019-11-20  |y BK  |k ICR